| 000 | 01539 am a2200373 4500 | ||
|---|---|---|---|
| 999 |
_c200427201 _d45125 |
||
| 001 | 200427201 | ||
| 003 | TR-AnTOB | ||
| 005 | 20190709153943.0 | ||
| 008 | 170307s2016 tu f 000 0 d | ||
| 020 | _a9789755372426 | ||
| 040 |
_aTR-AnTOB _beng _cTR-AnTOB _erda |
||
| 041 | _atur | ||
| 050 | 0 | 0 | _aKKX920 |
| 090 |
_aKKX920 _b.A75 2016 |
||
| 100 | 1 |
_aArkan, Sabih _d1948 |
|
| 245 | 1 | 0 |
_aTicari işletme hukuku / _cSabih Arkan. |
| 250 | _aGözden geçirilmiş ve güncellenmiş 22. bs. | ||
| 264 |
_aAnkara : _bBTHAE, _c2016. |
||
| 300 |
_axxvii, 437 pages; _c25 cm |
||
| 336 |
_atext _brdacontent _2rdacontent |
||
| 337 |
_aunmediated _brdamedia _2rdamedia |
||
| 338 |
_avolume _brdacarrier _2rdacarrier |
||
| 490 | 0 |
_aBanka ve Ticaret Hukuku Araştırma Enstitüsü Yayın No ; _v505 |
|
| 504 | _aIncludes bibliographies and index. | ||
| 505 |
_tTicaret ve Ticaret Hukuku _tTicari İşletme _tTicari İşler ve Tabi Oldukları Hükümler _tTicari Yargı _tTicaret Sicili _tMarka _tHaksız Rekabet |
||
| 520 | _aHukuk fakültelerindeki temel derslerden birisi olan "Ticari İşletme Hukuku" isimli derse göre hazırlanmış olan bu kitap, bugüne kadar birlerce kişi tarafından ders kitabı olarak kullanılmıştır. Kitap temel bir ders kitabıdır. | ||
| 590 | _aDonated by Ankara Valiliği. | ||
| 650 | 4 |
_aBusiness enterprises _xLaw and legislation |
|
| 650 | 4 | _aTicari işletme hukuku | |
| 650 | 4 | _aCommercial law | |
| 650 | 4 | _aTicaret hukuku | |
| 942 |
_2lcc _cBK |
||